Регионална библиотека "Любен Каравелов" - Русе

Изповед (Запис номер 392537)

MARC детайли
000 -Лидер
Контролно поле с фиксирана дължина 02020nam a2200457 c 4500
003 - Код на организацията, давaща контролен номер
Контролно поле BLK
005 - Дата и час на последна редакция
Контролно поле 20230203174623.0
008 - Елементи от данни с фиксирана дължина
fixed length control field 180411b bul|||||r ||||||| ||bul||
010 ## - Наследен системен номер
LC control number KNG00195149000
020 ## - Международен стандартен номер на книга ISBN
Международен стандартен номер на книга ISBN 9786197419214
040 ## - Източник на каталожния запис
Идентификатор на билиотеката - собственик на записа BLK
041 ## - Код за език
Код за езика на текст/звукозапис или на отделно заглавие Български
Код за езика КДБФ Български
072 #7 - Код за тематичната категория
Код организация bullib
Код за тематична категория Н83
Текст Чужда художествена литература Н
080 ## - УДК
Текстов определител УДК Английска литература
УДК код - определител по УДК 821.111
УДК определител -94
УДК - код + определител 821.111-94
080 ## - УДК
Текстов определител УДК Други видове песни. Изпълнители
УДК код - определител по УДК 784.7.071.2
УДК определител (410)(092)(0:82-9)
УДК - код + определител 784.7.071.2(410)(092)(0:82-9)
100 ## - Редна дума - Автор
Автор Халфорд, Роб
Авторска отговорност първи автор
R(LIN) 1299
139 ## - Редно поле
Редна дума Халфорд, Роб
Авторски знак Хал - Х 23
245 10 - Сведения за заглавието
Заглавие Изповед
Подзаглавни данни Автобиография
Редно поле (дума) Роб Халфорд, Иън Гитинс; прев. Сибин Майналовски
257 ## - Страна на издаване
Страна на създаване/издаване Великобритания
260 ## - Област на издателските данни
Име на издателя, разпространителя и проч. Hybrid Books
Година на издаване 2020
9 (RLIN) 221582
Място на издаване, разпространение и проч. София
300 ## - Физическа характеристика
Страници 375 с.
Размери/Мащаб 23 см
380 ## - Жанр
Жанр Худож. лит.
650 #4 - Допълнително описание по предмет – тема
Основно описание – тема или топоним Рокмузика - изпълнители
9 (RLIN) 283474
650 #4 - Допълнително описание по предмет – тема
Основно описание – тема или топоним Певци, английски
9 (RLIN) 331994
650 #4 - Допълнително описание по предмет – тема
Основно описание – тема или топоним Рокмузика, английска
9 (RLIN) 270444
651 #4 - Допълнително описание по предмет - топоним
Географско понятие Великобритания
9 (RLIN) 178698
700 ## - Други автори (авторска отговорност)
Лично име Майноловски, Сибин
Автороска отговорност (Описва отношението между автора и произведението) прев. от англ.
9 (RLIN) 261776
852 ## - Местоположение
Фондова буква Заемна - подръчен фонд
Систематично-азбучна сигнатура 821-9/Х 23 Р
852 ## - Местоположение
Форматна сигнатура Цб 307052
Фондова буква Хранилище
856 4# - Електронен адрес и достъп
Електронен формат pdf - файл
856 4# - Електронен адрес и достъп
Електронен формат pdf - файл
999 ## - СИСТЕМНИ КОНТРОЛНИ НОМЕРА
Koha biblionumber 392537
Koha biblioitemnumber 392537
942 ## - АРТИКУЛИ
Вид на библиотечния материал Книги
Скрит в OPAC Не
Koha issues (borrowed), all copies 17
Периодичен библиозапис Да
944 ## - СЪЗДАВАНЕ И РЕДАКЦИЯ на ЗАПИСА
Създаване/Редакция Създаване
Дата на регистрацията/редакция 03.11.2016
Статус, дата на статуса ф /
Служител, извършил регистрацията/редакцията Виолета_Тройчева
944 ## - СЪЗДАВАНЕ И РЕДАКЦИЯ на ЗАПИСА
Създаване/Редакция Редакция
Дата на регистрацията/редакция 09.12.2016
Статус, дата на статуса ф /
Служител, извършил регистрацията/редакцията Людмила_Стоянова
999 ## - СИСТЕМНИ КОНТРОЛНИ НОМЕРА
Koha biblioitemnumber 392537
999 ## - СИСТЕМНИ КОНТРОЛНИ НОМЕРА
Koha biblioitemnumber 392537
999 ## - СИСТЕМНИ КОНТРОЛНИ НОМЕРА
Koha biblioitemnumber 186155
Наличности
Код за отписване Код за изгубен артикул Източник на класификационната схема Код за повреда Код за отдаване Артикулен № Име на библиотеката - собственик Име на библиотеката, в която се намира в момента Статус (Текущо местоположение) Дата на вписване в системата Местоположение - отдел Цена в лева Систематично азбучна сигнатура Баркод Цена в евро Служебен тип на артикула Коз за рестрикции
  Не е изгубен Universal Decimal Classification Не е повреден заемане за дома 805899 Регионална библиотека "Любен Каравелов" Русе Регионална библиотека "Любен Каравелов" Русе Заемна - подръчен фонд 2020-12-18 Заемна - подръчен фонд 18.67 821-9/Х 23 Р 120000850282 9.55 Книги  
  Не е изгубен Universal Decimal Classification Не е повреден ползва се в читалня 815807 Регионална библиотека "Любен Каравелов" Русе Регионална библиотека "Любен Каравелов" Русе Хранилище 2021-03-10 Хранилище 24.90 Цб 307052 120000853046 12.73 Книги само за читалня
Vip Innovations Ltd, Rousse, Bulgaria 2025